| 000 | 00591nam a2200205Ia 4500 | ||
|---|---|---|---|
| 003 | OSt | ||
| 005 | 20220609143358.0 | ||
| 008 | 210423s1998 xx 000 0 und d | ||
| 020 | _a9788132202293 | ||
| 040 | _cAL | ||
| 041 | _aeng | ||
| 082 | _a543.089 HOUP | ||
| 100 |
_aHOUGHTON (Peter J);RAMAN (Amala). _941506 |
||
| 245 | _aLaboratory handbook for the fractionation of natural extracts. | ||
| 260 |
_aNew Delhi _bSpringer Pvt Ltd _c1998 |
||
| 300 |
_avi,199 _bPB |
||
| 365 |
_b795 _cINR |
||
| 906 | _aextracts. ; fractionation ; handbook ; Laboratory ; natural | ||
| 942 |
_2ddc _cBK |
||
| 999 |
_c154573 _d154573 |
||